| 000 | 00793nam a2200241 a 4500 | ||
|---|---|---|---|
| 001 | 64027 | ||
| 003 | BD-RjUL | ||
| 005 | 20211209081250.0 | ||
| 008 | 170208s1969 enkabc b 001 0 eng d | ||
| 035 | _a(BD-RjUL)64157 | ||
| 040 |
_aBD-RjUL _cBD-RjUL _dBD-RjUL _beng |
||
| 041 | 1 | _aeng | |
| 082 | 0 | 0 |
_a915.3 _223 _bRAT 1969 |
| 100 | 1 |
_aRaunkiaer, Barclay, _d1889-1915. _9190187 |
|
| 245 | 1 | 0 |
_aThrough Wahhabiland on camelback / _cWith an introd. by Gerald de Gaury. |
| 260 |
_aLondon : _bRoutledge & Kegan Paul, _c1969 |
||
| 300 |
_axii, 156 p. _bill. ; _c23 cm. |
||
| 490 | 0 | _aTravellers and explorers | |
| 504 | _aIncludes bibliographical footnotes and index | ||
| 651 | 0 |
_aArabian Peninsula _xDescription and travel. _9190188 |
|
| 700 | 1 |
_aDe Gaury, Gerald, _eed. _9190189 |
|
| 942 |
_2ddc _cBK |
||
| 999 |
_c64027 _d64027 |
||